Quizzes
Events
Quiz Creation
Community
Videos
Private Events
Remove Ads
Sign In
Join for FREE
Feedback
Dark Mode
Quiz Categories
Sports
Geography
Music
Movies
Television
Just For Fun
Miscellaneous
History
Literature
Language
Science
Gaming
Entertainment
Religion
Holiday
For Kids
Quiz Lab
Recent
Popular Today
Quiz Kudos Today
Editor Picks
Curator Picks
Quizzes by...
Day
Popularity
Type
Ratings
Length
Year
Community
Subscriptions
Recent Discussions
Orange Saloon
Badges
Playlists
Quests
Create
Leaderboards
Showdown
Live 5
Trivia Bingo
Activity
Puzzle Library
Sporcle Events
Private Events
Virtual Trivia
Globe League
Become a Host
Pub Owners
SporcleCon
Opinionation
Our Games
Videos
Blog
Mobile Apps
Partnerships
Remove Ads and Go Orange
Feedback
Television
TV Characters
TV Show
Sitcom
Network
Friends
Reality Shows
Cast
South Park
Star Trek
The Simpsons
Doctor Who
Television
TV Characters
TV Show
Sitcom
Network
Friends
Reality Shows
Cast
South Park
Star Trek
The Simpsons
Doctor Who
Random Quiz
Search Sporcle
×
Quiz Lab
Quiz Lab
Television
NBC
Type in answers that appear in a list
Type in answers that appear in a list
Classic
Best Score? Go Orange.
NBC Community Characters by Number of Episodes Stats
Can you name the NBC Community characters by the number of episodes in which they appeared?
By
hollymorgz
8m
25 Questions
305 Plays
305 Plays
305 Plays
Comments
Comments
Give Quiz Kudos
Give Quiz Kudos
-
- Ratings
hide this ad
Replay
Link that replays current quiz
Next Quiz
Link to next quiz in quiz playlist
You Got
0%
They Got
Avg Score
73%
Avg Friend Score
Upgrade to see
Score Distribution
Jump to the score distribution portion of the page
Score
0/25
Timer
08:00
0
Plays Today
Number of Episodes
Name
% Correct
110
Jeff Winger
99%
110
Britta Perry
99%
110
Abed Nadir
98.7%
110
Annie Edison
98.7%
89
Troy Barnes
98.4%
90
Dean Craig Pelton
98.4%
83
Pierce Hawthorne
97.7%
99
Shirley Bennett
96.7%
89
Ben Chang
96.4%
53
Leonard Rodriguez
82.6%
39
Alex Starburns Osbourne
79.7%
23
Vicki Jenkins
79%
43
Garrett Lambert
78.4%
Number of Episodes
Name
% Correct
19
Ian Duncan
77.4%
16
Fat Neil
75.1%
15
Magnitude
69.8%
13
Frankie Dart
66.6%
12
Elroy Patashnik
62%
11
Buzz Hickey
60.3%
5
Michelle Slater
54.1%
3
Vaughn Miller
47.9%
9
Todd Jacobson
42.3%
3
Rich Stephenson
34.8%
5
Dean Spreck
21.3%
3
Sean Garrity
19.7%
Quiz Playlist
Details
Report
Send in Message
Add To Playlist
Classic:
Type in answers that appear in a list
Last Updated: Feb 16, 2017
Quiz Scoreboard
CHALLENGE
Sign Up to Join the Scoreboard
Show All
Scores
Hide
Comments
May contain spoilers
Recently Published
Movies - When Are They Set?
by FPL_Elf
Movies
5m
Popular People in 1961
by mucciniale
History
6m
1-10 Letter E Words III
by El_Dandy
Language
2m
More to Explore
Quiz From the Vault
Featured Blog Post
Where Did the Easter Bunny Come From?
hide this ad
You Might Also Like...
Tags
Community
NBC
Today's Top Quizzes in Television
Browse Television
hide this ad
Today's Top Quizzes in NBC
Browse NBC
Top Contributed Quizzes in Television
1
One Piece Logic Puzzle
2
Survivor Logic Puzzle: Heroes vs. Villains
3
Survivor Seasons
4
Survivor Season by Logo
5
5-to-1: The Simpsons Families
6
Survivor Trivia
7
One Thing in Common: Television
8
Who Wants to Be a Millionaire?
9
Survivor Logic Puzzle: Winners at War
10
Ultimate Survivor Logic Puzzle
Explore More
Trending Topics
NBA
Harry Potter
Anime
Kpop
Crossword
Disney
Marvel
Puzzle
Soccer
Pokémon
Song
The Office
WWE
Country
NFL
hide this ad
More By:
hollymorgz
Quiz
Plays
Rating
Category
Featured
Created
NBC Community Characters by Number of Episodes
305
4.00
Television
May 29, 2016
Go to Creator's Profile
Score Distribution
Quiz Creator Spotlight
hollymorgz
Follow
Send a Message
Quizzes Created
-
Created Quiz Play Count
-
More By This Creator
Popular Quizzes Today
1
Find the Countries of Europe - No Outlines Minefield
2
Find the US States - No Outlines Minefield
3
The Countries of the World
4
Popular People in 1961
5
US States
6
1-10 Letter E Words III
7
Find the US States
8
One Thing in Common: World Cities II
More Television Quizzes
T-V S-H-O-W (FOX II)
Quiz Lab
Trending Quizzes
Risky Map Clicking: Least Populous States A-Z
1-10 Letter F Words
1-10 Letter G Words
One Thing in Common: United Kingdom
Risky Map Clicking: Next State Alphabetically
Recently Updated
Leaping Animals
pecheneg
Reality TV Shows (A-Z)
bhenderson79
Rickey Henderson's Hall of Fame Teammates
pecheneg
Champions League XIs: Arsenal
pecheneg
Quick Pick: Celebrities in WWE's Hall of Fame
aduchscher
A-Z Keypad Blitz II
pecheneg
Multiple Oscar Actors
pecheneg
Mystery Phrase Blitz: Oscar 'Best Actors'
pecheneg
F. Scott Fitzgerald Novels
LTH
Pick 3 Villains
ddd62291
Trending Topics
Anime
Disney
NBA
Marvel
Harry Potter
Crossword
Kpop
NFL
Song
Country
WWE
Puzzle
Pokémon
The Office
Soccer
Your Account Isn't Verified!
In order to create a playlist on Sporcle, you need to verify the email address you used during registration. Go to your
Sporcle Settings
to finish the process.
Report this User
Report this user for behavior that violates our
Community Guidelines
.
Details:
Send Report
Go to the Sporcle.com Mobile Site →
Comments